|
|
|
|
| LEADER |
00000nab a2200000 ar4500 |
| 001 |
vtls008770242 |
| 003 |
SK-MaSNL |
| 005 |
20260426065908.0 |
| 008 |
060606c2006 xo mr|p|||||||000 b|slo |
| 015 |
|
|
|a SNBRB2006/06
|2 snkbucl
|
| 038 |
|
|
|a SNKBUCL
|
| 040 |
|
|
|a SNKBUCL
|b slo
|c SNKBUCL
|e AACR2
|
| 041 |
0 |
|
|a slo
|
| 044 |
|
|
|a xo
|c SK
|
| 080 |
|
|
|a 027.7
|x (437.6)
|2 1997
|
| 080 |
|
|
|a 025:061.4
|2 1997
|
| 100 |
1 |
|
|a Čelková, Ľudmila,
|d 1944-
|4 ivr
|4 aut
|9 97615
|
| 245 |
1 |
0 |
|a Nemecký knižný dar
|c L. Čelková, Sylvia Kováčová
|
| 610 |
2 |
7 |
|a Univerzitná knižnica v Bratislave
|2 snkbucl
|9 192279
|
| 611 |
2 |
7 |
|a Nemecké knihy do Univerzitnej knižnice
|g výstava
|d (2006 :
|c Bratislava, Slovensko)
|2 snkbucl
|9 1313765
|
| 648 |
|
7 |
|a 2006
|2 snkbucl
|9 313148
|
| 650 |
0 |
7 |
|a knižná tematika
|2 snkbucl
|9 431193
|
| 651 |
|
7 |
|a Bratislava (Slovensko)
|2 SNKPH
|9 14568
|
| 655 |
|
7 |
|a rozhovory
|2 snkbucl
|9 31831
|
| 700 |
1 |
|
|a Kováčová, Sylvia,
|d 1954-
|4 ive
|4 aut
|9 37843
|
| 773 |
0 |
|
|t Knižná revue
|g Roč. XVI., č. 8 (2006), s. 8
|x 1210-1982
|
| 852 |
|
|
|a SNK
|b KIS3GCP
|
| 958 |
|
|
|a KL
|
| 999 |
|
|
|c 2644741
|d 2646671
|